Name a Capital A-Z - Statistics

General Stats
  • This quiz has been taken 52 times
  • The average score is 21 of 24
Answer Stats
Hint # Answer % Correct
B 25 Baghdad | Baku | Bamako | Bandar Seri Begawan | Bangui | Banjul | Bangkok | Basseterre | Beijing | Belgrade | Belmopan | Beirut | Berlin | Bern | Bishkek | Bissau | Bogotá | Brasilia | Bratislava | Brazzaville | Bridgetown | Brussels | Bucharest | Budapest | Buenos Aires
100%
P 17 Palikir | Panama City | Paramaribo | Paris | Phnom Penh | Podgorica | Port-au-Prince | Port Louis | Port Moresby | Porto-Novo | Port of Spain | Port Vila | Prague | Praia | Pretoria | Pristina | Pyongyang
100%
L 10 Libreville | Lilongwe | Lima | Lisbon | Ljubljana | Lomé | London | Luanda | Lusaka | Luxembourg
98%
M 19 Madrid | Majuro | Malabo | Male | Managua | Manama | Manila | Maputo | Maseru | Mbabane | Mexico City | Minsk | Mogadishu | Monaco | Monrovia | Montevideo | Moroni | Moscow | Muscat
98%
S 19 Saint George's | Saint John's | Sana'a | San Jose | San Marino | San Salvador | Santiago | Santo Domingo | São Tomé | Sarajevo | Seoul | Singapore | Skopje | Sofia | Sri Jayawardenepura Kotte | Stockholm | Sucre | Suva
98%
W 4 Warsaw | Washington, D.C. | Wellington | Windhoek
98%
A 16 Abu Dhabi | Abuja | Accra | Addis Ababa | Algiers | Amman | Amsterdam | Andorra la Vella | Ankara | Antananarivo | Apia | Ashgabat | Asmara | Astana | Asunción | Athens
96%
C 7 Cairo | Canberra | Caracas | Castries | Chisinau | Conakry | Copenhagen
96%
D 9 Dakar | Damascus | Dhaka | Dili | Djibouti | Dodoma | Doha | Dublin | Dushanbe
96%
V 7 Vaduz | Valletta | Vatican City | Victoria | Vienna | Vientiane | Vilnius
96%
K 11 Kabul | Kampala | Kathmandu | Khartoum | Kigali | Kingston | Kingstown | Kinshasa | Kuala Lumpur | Kuwait City | Kyiv
94%
T 12 Tarawa | Taipei | Tallinn | Tashkent | Tbilisi | Tegucigalpa | Tehran | Thimphu | Tirana | Tokyo | Tripoli | Tunis
94%
H 5 Hanoi | Harare | Havana | Helsinki | Honiara
92%
R 6 Rabat | Reykjavik | Riga | Riyadh | Rome | Roseau
92%
N 10 Nairobi | Nassau | Naypyidaw | N'Djamena | New Delhi | Ngerulmud | Nicosia | Niamey | Nouakchott | Nukuʻalofa
88%
G 4 Gaborone | Georgetown | Gitega | Guatemala City
85%
O 3 Oslo | Ottawa | Ouagadougou
85%
J 3 Jakarta | Jerusalem | Juba
83%
Q 1 Quito
79%
U 1 Ulaanbaatar
77%
Y 4 Yamoussoukro | Yaounde | Yaren | Yerevan
75%
I 1 Islamabad
71%
F 2 Freetown | Funafuti
65%
Z 1 Zagreb
65%
No matching quizzes found
Score Distribution
Percent of People with Each Score
Percentile by Number Answered
Your Score History
You have not taken this quiz